Annual report (Record no. 502519)

000 -LEADER
fixed length control field 00327cam a22001217a 4500
008 - FIXED-LENGTH DATA ELEMENTS--GENERAL INFORMATION
fixed length control field 180718bUnit Trust of India xxu||||| |||| 00| 0 eng d
082 ## - DEWEY DECIMAL CLASSIFICATION NUMBER
Classification number A45:U61 UTI
100 ## - MAIN ENTRY--PERSONAL NAME
Personal name Unit Trust of India
245 ## - TITLE STATEMENT
Title Annual report
260 ## - PUBLICATION, DISTRIBUTION, ETC.
Place of publication, distribution, etc.
Name of publisher, distributor, etc. Mumbai
Date of publication, distribution, etc. Unit Trust of India
300 ## - PHYSICAL DESCRIPTION
Extent --
500 ## - GENERAL NOTE
General note Library has 1964/65-1972/73
Holdings
Withdrawn status Lost status Damaged status Not for loan Permanent Location Current Location Date acquired Full call number Barcode Date last seen Price effective from Koha item type
        Indian Institute of Public Administration Indian Institute of Public Administration 2018-08-04 A45:U61 UTI GG7340 2018-08-04 2018-08-04 GG

Powered by Koha